Al dar las doce en Cabul (Record no. 87357)

MARC details
000 -LEADER
campo de control de longitud fija 00561nam a2200169 i 4500
001 - NÚMERO DE CONTROL
campo de control 87357
003 - IDENTIFICADOR DE NÚMERO DE CONTROL
campo de control ES-MaACL
005 - FECHA Y HORA DE LA ÚLTIMA TRANSACCIÓN
campo de control 20230906175644.0
007 - CAMPO FIJO DE DESCRIPCIÓN FÍSICA--INFORMACIÓN GENERAL
campo de control de longitud fija t|
008 - DATOS DE LONGITUD FIJA--INFORMACIÓN GENERAL
campo de control de longitud fija 041221s1962 sp ||||1| spa d
100 1# - ENTRADA PRINCIPAL--NOMBRE DE PERSONA
Nombre de persona Krause, Walter W.
9 (RLIN) 68766
245 10 - MENCIÓN DEL TÍTULO
Título Al dar las doce en Cabul
Resto del título : un viaje por las encrucijadas de Asia Central /
Mención de responsabilidad, etc. por Walter W. Krause ; [traducción por Juan Godó Costa].
260 ## - PUBLICACIÓN, DISTRIBUCIÓN, ETC.
Lugar de publicación, distribución, etc. Barcelona :
Nombre del editor, distribuidor, etc. Labor,
Fecha de publicación, distribución, etc. [1962]
300 ## - DESCRIPCIÓN FÍSICA
Extensión 256 p., 24 lám. ;
Dimensiones 20 cm.
700 1# - ENTRADA AGREGADA--NOMBRE PERSONAL
Nombre de persona Godo Costa, Juan.
9 (RLIN) 57532
852 ## - LOCALIZACIÓN
Ubicación ES-MaACL
Número de control de estantería C-50923
Sublocalización o colección R.72643
Holdings
Estatus retirado Estado de pérdida Estado de daño No para préstamo Biblioteca de origen Biblioteca actual Ubicación en estantería Fecha de adquisición Fuente de adquisición Total de préstamos Signatura topográfica completa Código de barras Visto por última vez Precio de reemplazo Tipo de ítem Koha
        Biblioteca del Ateneo de Madrid Biblioteca del Ateneo de Madrid Depósito 2 17/01/2008     C-50923 1091265 23/02/2023 23/02/2023 Libro impreso